[Event "Championnat de France Universitaire 2017"]
[Site "Strasbourg"]
[Date "2017.01.21"]
[Round "3.2"]
[White "Villegas, Pierre"]
[Black "Daeschler, Florian"]
[Result "1-0"]
[BlackElo "2097"]
[WhiteElo "2363"]
[LiveChessVersion "1.4.8"]

1. d4 {[%clk 0:15:08]} d5 {[%clk 0:15:10]} 2. c4 {[%clk 0:15:11]} e6
{[%clk 0:15:14]} 3. Nc3 {[%clk 0:15:15]} Nf6 {[%clk 0:15:18]} 4. cxd5
{[%clk 0:15:18]} exd5 {[%clk 0:15:22]} 5. Bg5 {[%clk 0:15:20]} Be7
{[%clk 0:15:25]} 6. e3 {[%clk 0:15:23]} c6 {[%clk 0:15:29]} 7. Qc2
{[%clk 0:15:04]} O-O {[%clk 0:15:30]} 8. Bd3 {[%clk 0:15:07]} Nbd7
{[%clk 0:15:34]} 9. Nge2 {[%clk 0:15:10]} Re8 {[%clk 0:15:39]} 10. O-O
{[%clk 0:15:12]} Nf8 {[%clk 0:15:41]} 11. f3 {[%clk 0:15:11]} N6d7
{[%clk 0:14:40]} 12. Bxe7 {[%clk 0:14:39]} Qxe7 {[%clk 0:14:44]} 13. e4
{[%clk 0:14:43]} Nb6 {[%clk 0:14:24]} 14. e5 {[%clk 0:13:31]} c5 {[%clk 0:14:01]}
15. f4 {[%clk 0:13:18]} c4 {[%clk 0:12:04]} 16. Bf5 {[%clk 0:13:20]} Bxf5
{[%clk 0:12:07]} 17. Qxf5 {[%clk 0:13:24]} Qe6 {[%clk 0:10:52]} 18. Qc2
{[%clk 0:12:44]} f5 {[%clk 0:10:20]} 19. g4 {[%clk 0:12:06]} Qg6 {[%clk 0:09:14]}
20. Qxf5 {[%clk 0:12:00]} Qxf5 {[%clk 0:08:29]} 21. gxf5 {[%clk 0:12:03]} g6
{[%clk 0:08:30]} 22. f6 {[%clk 0:10:55]} Kf7 {[%clk 0:08:27]} 23. Nb5
{[%clk 0:10:41]} Red8 {[%clk 0:08:08]} 24. Nd6+ {[%clk 0:10:30]} Rxd6
{[%clk 0:08:12]} 25. exd6 {[%clk 0:10:35]} Nfd7 {[%clk 0:06:56]} 26. Nc3
{[%clk 0:09:21]} Nxf6 {[%clk 0:06:59]} 27. Rae1 {[%clk 0:09:23]} Nc8
{[%clk 0:06:46]} 28. Re5 {[%clk 0:07:57]} Nxd6 {[%clk 0:06:43]} 29. Nxd5
{[%clk 0:07:57]} Nf5 {[%clk 0:05:08]} 30. Nxf6 {[%clk 0:06:57]} Kxf6
{[%clk 0:05:12]} 31. d5 {[%clk 0:06:24]} Rd8 {[%clk 0:03:09]} 32. Rd1
{[%clk 0:06:14]} Nd6 {[%clk 0:02:57]} 33. Kf2 {[%clk 0:05:47]} b5
{[%clk 0:02:59]} 34. Ke3 {[%clk 0:04:26]} Nf5+ {[%clk 0:02:37]} 35. Ke4
{[%clk 0:04:25]} b4 {[%clk 0:01:51]} 36. Re6+ {[%clk 0:04:28]} Kf7
{[%clk 0:01:55]} 37. Rc1 {[%clk 0:03:32]} Rc8 {[%clk 0:00:43]} 38. Ra6
{[%clk 0:02:19]} Re8+ {[%clk 0:00:35]} 39. Kf3 {[%clk 0:02:23]} Nd4+
{[%clk 0:00:24]} 40. Kf2 {[%clk 0:01:59]} Re2+ {[%clk 0:00:28]} 41. Kf1
{[%clk 0:02:03]} Rxb2 {[%clk 0:00:16]} 42. Rxc4 {[%clk 0:02:05]} Nf3
{[%clk 0:00:08]} 43. Rc7+ {[%clk 0:01:57]} Ke8 {[%clk 0:00:12]} 44. Raxa7
{[%clk 0:01:44]} Nxh2+ {[%clk 0:00:10]} 45. Ke1 {[%clk 0:01:47]} Nf3+
{[%clk 0:00:11]} 46. Kd1 {[%clk 0:01:49]} Rd2+ {[%clk 0:00:15]} 47. Kc1
{[%clk 0:01:53]} Rxd5 {[%clk 0:00:18]} 48. Rxh7 {[%clk 0:01:47]} Rc5+
{[%clk 0:00:21]} 49. Kb2 {[%clk 0:01:51]} 1-0

[Event "Championnat de France Universitaire 2017"]
[Site "Strasbourg"]
[Date "2017.01.21"]
[Round "3.3"]
[White "Schmuck, Corentin"]
[Black "Israilov, Sardor"]
[Result "0-1"]
[BlackElo "1948"]
[WhiteElo "1929"]
[LiveChessVersion "1.4.8"]

1. e4 c5 2. Nf3 Nc6 3. d4 {[%clk 0:14:55]} cxd4 {[%clk 0:15:19]} 4. Nxd4
{[%clk 0:14:58]} Nf6 {[%clk 0:15:22]} 5. Nc3 {[%clk 0:15:01]} g6 {[%clk 0:15:27]}
6. Bc4 {[%clk 0:14:46]} Bg7 {[%clk 0:15:13]} 7. Be3 {[%clk 0:14:37]} O-O
{[%clk 0:15:07]} 8. O-O {[%clk 0:14:38]} d6 {[%clk 0:15:07]} 9. f3
{[%clk 0:14:32]} Bd7 {[%clk 0:15:10]} 10. Bb3 {[%clk 0:14:01]} Qa5
{[%clk 0:14:37]} 11. Kh1 {[%clk 0:12:45]} Rfc8 {[%clk 0:13:08]} 12. Bf2
{[%clk 0:09:53]} Ne5 {[%clk 0:11:42]} 13. Qe2 {[%clk 0:09:31]} a6
{[%clk 0:10:18]} 14. Nd5 {[%clk 0:09:02]} Nxd5 {[%clk 0:10:15]} 15. Bxd5
{[%clk 0:08:22]} Bc6 {[%clk 0:10:10]} 16. Nxc6 {[%clk 0:08:00]} bxc6
{[%clk 0:10:12]} 17. Bb3 {[%clk 0:08:00]} c5 {[%clk 0:10:00]} 18. f4
{[%clk 0:06:45]} Nc6 {[%clk 0:10:00]} 19. c3 {[%clk 0:06:49]} Rab8
{[%clk 0:09:10]} 20. f5 {[%clk 0:06:39]} Qb5 {[%clk 0:06:54]} 21. Qxb5
{[%clk 0:05:00]} axb5 {[%clk 0:06:58]} 22. fxg6 {[%clk 0:04:11]} hxg6
{[%clk 0:07:01]} 23. Bh4 {[%clk 0:03:21]} c4 {[%clk 0:06:58]} 24. Bd1
{[%clk 0:03:00]} b4 {[%clk 0:07:03]} 25. cxb4 {[%clk 0:02:01]} Bxb2
{[%clk 0:07:00]} 26. Rb1 {[%clk 0:02:05]} Rxb4 {[%clk 0:07:04]} 27. Bg4
{[%clk 0:01:38]} Rc7 {[%clk 0:06:43]} 28. Rf2 {[%clk 0:01:19]} Bd4
{[%clk 0:06:12]} 29. Rxb4 {[%clk 0:01:21]} Nxb4 {[%clk 0:06:15]} 30. Re2
{[%clk 0:00:50]} c3 {[%clk 0:06:10]} 31. Bg5 c2 {[%clk 0:06:12]} 32. Bc1
{[%clk 0:00:40]} Nxa2 {[%clk 0:06:15]} 33. Re1 {[%clk 0:00:37]} Nxc1
{[%clk 0:06:19]} 34. Rxc1 {[%clk 0:00:41]} Be3 {[%clk 0:06:23]} 0-1

[Event "Championnat de France Universitaire 2017"]
[Site "Strasbourg"]
[Date "2017.01.21"]
[Round "3.4"]
[White "Barbaras, Mathieu"]
[Black "Utrera, Ludovic"]
[Result "1/2-1/2"]
[BlackElo "2092"]
[WhiteElo "2257"]
[LiveChessVersion "1.4.8"]

1. d4 {[%clk 0:15:08]} Nf6 {[%clk 0:15:09]} 2. Nf3 {[%clk 0:15:12]} g6
{[%clk 0:15:14]} 3. c4 {[%clk 0:15:17]} Bg7 4. g3 d6 {[%clk 0:15:22]} 5. Bg2
{[%clk 0:15:25]} O-O {[%clk 0:15:26]} 6. O-O {[%clk 0:15:29]} Nc6
{[%clk 0:15:28]} 7. Nc3 {[%clk 0:15:33]} e5 8. d5 Ne7 {[%clk 0:15:35]} 9. e4
{[%clk 0:15:41]} c6 {[%clk 0:15:30]} 10. Ne1 {[%clk 0:15:30]} cxd5
{[%clk 0:15:32]} 11. cxd5 {[%clk 0:15:34]} a6 {[%clk 0:15:24]} 12. a4
{[%clk 0:15:21]} Bg4 {[%clk 0:15:09]} 13. Qb3 {[%clk 0:14:51]} Rb8
{[%clk 0:14:40]} 14. Nd3 {[%clk 0:14:23]} b5 {[%clk 0:14:33]} 15. f3
{[%clk 0:14:22]} Bd7 {[%clk 0:14:03]} 16. Be3 {[%clk 0:09:55]} b4
{[%clk 0:13:01]} 17. Ne2 {[%clk 0:09:38]} Nh5 {[%clk 0:11:56]} 18. g4
{[%clk 0:09:14]} Nf6 {[%clk 0:11:58]} 19. Rfc1 {[%clk 0:08:25]} a5
{[%clk 0:11:52]} 20. Qd1 {[%clk 0:07:35]} Rc8 {[%clk 0:11:44]} 21. b3
{[%clk 0:07:20]} Rxc1 {[%clk 0:11:16]} 22. Rxc1 {[%clk 0:07:25]} Qb8
{[%clk 0:11:21]} 23. Rc4 {[%clk 0:07:10]} Bc8 {[%clk 0:11:08]} 24. Nb2
{[%clk 0:06:21]} Ba6 {[%clk 0:11:10]} 25. Rc2 {[%clk 0:06:25]} Rc8
{[%clk 0:10:40]} 26. Bf1 {[%clk 0:06:26]} Nd7 {[%clk 0:09:35]} 27. Nc1
{[%clk 0:06:19]} Bxf1 {[%clk 0:09:26]} 28. Kxf1 {[%clk 0:06:22]} f5
{[%clk 0:07:31]} 29. g5 {[%clk 0:06:02]} fxe4 {[%clk 0:07:30]} 30. fxe4
{[%clk 0:06:06]} Nc5 {[%clk 0:06:45]} 31. Bxc5 {[%clk 0:05:56]} dxc5
{[%clk 0:06:50]} 32. Qg4 {[%clk 0:05:38]} Rf8+ {[%clk 0:06:48]} 33. Kg2
{[%clk 0:05:33]} Kh8 {[%clk 0:06:09]} 34. Ncd3 {[%clk 0:05:35]} Qd6
{[%clk 0:04:35]} 35. Nc4 {[%clk 0:05:32]} Qd8 {[%clk 0:03:31]} 36. h4
{[%clk 0:05:35]} Nxd5 {[%clk 0:03:27]} 37. Rd2 {[%clk 0:04:28]} Nc3
{[%clk 0:02:24]} 38. Nxc5 {[%clk 0:04:20]} Qa8 {[%clk 0:01:57]} 39. Nd6
{[%clk 0:03:23]} Rf4 {[%clk 0:00:58]} 40. Qd7 {[%clk 0:01:38]} Bf8
{[%clk 0:00:10]} 41. Ne6 {[%clk 0:01:14]} Nxe4 {[%clk 0:00:13]} 42. Nxf4
{[%clk 0:00:20]} Nxd2+ {[%clk 0:00:17]} 43. Kh2 {[%clk 0:00:15]} Nf3+
{[%clk 0:00:20]} 44. Kh3 {[%clk 0:00:14]} exf4 {[%clk 0:00:14]} 45. Nf7+
{[%clk 0:00:19]} Kg8 {[%clk 0:00:17]} 46. Qe6 {[%clk 0:00:19]} Ng1+
{[%clk 0:00:15]} 47. Kh2 {[%clk 0:00:21]} Nf3+ {[%clk 0:00:19]} 48. Kh3
{[%clk 0:00:23]} Ng1+ {[%clk 0:00:11]} 49. Kh2 {[%clk 0:00:27]} Nf3+
{[%clk 0:00:14]} 50. Kh3 {[%clk 0:00:27]} Ng1+ {[%clk 0:00:12]} 51. Kh2
{[%clk 0:00:31]} Nf3+ {[%clk 0:00:17]} 52. Kh3 {[%clk 0:00:35]} Ng1+
{[%clk 0:00:09]} 1/2-1/2

[Event "Championnat de France Universitaire 2017"]
[Site "Strasbourg"]
[Date "2017.01.21"]
[Round "4.1"]
[White "Sochacki, Wojtek"]
[Black "Veys, Vincent"]
[Result "1-0"]
[BlackElo "2364"]
[WhiteElo "2347"]
[LiveChessVersion "1.4.8"]

1. d4 {[%clk 0:15:06]} d5 {[%clk 0:15:07]} 2. c4 {[%clk 0:15:10]} c6
{[%clk 0:15:10]} 3. cxd5 {[%clk 0:15:13]} cxd5 {[%clk 0:15:12]} 4. Bf4
{[%clk 0:15:15]} Nc6 {[%clk 0:14:47]} 5. e3 {[%clk 0:15:18]} Nf6 {[%clk 0:14:12]}
6. Nc3 {[%clk 0:15:21]} Bf5 {[%clk 0:13:14]} 7. Qb3 {[%clk 0:15:14]} Qd7
{[%clk 0:11:47]} 8. Nf3 {[%clk 0:14:33]} a6 {[%clk 0:06:14]} 9. Be2
{[%clk 0:07:36]} e6 {[%clk 0:06:07]} 10. Rc1 {[%clk 0:07:35]} Be7
{[%clk 0:03:42]} 11. O-O {[%clk 0:07:15]} O-O {[%clk 0:03:44]} 12. Na4
{[%clk 0:06:57]} Na5 {[%clk 0:02:56]} 13. Qd1 {[%clk 0:07:01]} Rac8
{[%clk 0:02:59]} 14. Nb6 {[%clk 0:05:28]} Rxc1 {[%clk 0:03:01]} 15. Qxc1
{[%clk 0:05:32]} Qc6 {[%clk 0:02:55]} 16. Qxc6 {[%clk 0:05:14]} Nxc6
{[%clk 0:02:58]} 17. Rc1 {[%clk 0:05:06]} Bd8 {[%clk 0:01:06]} 18. Na4
{[%clk 0:05:10]} Na7 {[%clk 0:00:12]} 19. Nc5 {[%clk 0:04:34]} b6
{[%clk 0:00:07]} 20. Nxa6 {[%clk 0:04:32]} h6 {[%clk 0:00:11]} 21. h3
{[%clk 0:04:04]} g5 {[%clk 0:00:10]} 22. Bd6 {[%clk 0:04:01]} Re8
{[%clk 0:00:11]} 23. Nc7 {[%clk 0:04:04]} Bxc7 {[%clk 0:00:11]} 24. Rxc7
{[%clk 0:04:06]} Nc8 {[%clk 0:00:10]} 25. Bb4 {[%clk 0:03:54]} Ne4
{[%clk 0:00:09]} 26. Ba6 {[%clk 0:03:19]} Ncd6 {[%clk 0:00:12]} 27. a3
{[%clk 0:02:45]} Ra8 {[%clk 0:00:15]} 28. Be2 {[%clk 0:02:40]} Rb8
{[%clk 0:00:18]} 29. Ne5 {[%clk 0:02:36]} Rc8 {[%clk 0:00:07]} 30. Rxc8+
{[%clk 0:02:16]} Nxc8 {[%clk 0:00:11]} 31. Ba6 {[%clk 0:02:20]} Ned6
{[%clk 0:00:12]} 32. Nd7 {[%clk 0:02:09]} b5 {[%clk 0:00:08]} 33. Nc5
{[%clk 0:01:46]} Nb6 34. Nxe6 {[%clk 0:01:40]} Ndc4 {[%clk 0:00:08]} 35. Nc7
{[%clk 0:01:34]} Nxb2 {[%clk 0:00:11]} 36. Bxb5 {[%clk 0:01:32]} Be6
{[%clk 0:00:09]} 37. Kf1 {[%clk 0:01:14]} N2c4 {[%clk 0:00:08]} 38. a4
{[%clk 0:01:13]} Nb2 {[%clk 0:00:06]} 39. a5 {[%clk 0:01:13]} Nc8
{[%clk 0:00:09]} 40. Nxe6 {[%clk 0:01:10]} fxe6 {[%clk 0:00:13]} 41. Bd7
{[%clk 0:01:14]} 1-0

[Event "Championnat de France Universitaire 2017"]
[Site "Strasbourg"]
[Date "2017.01.21"]
[Round "4.2"]
[White "Ronce, Nathan"]
[Black "Villegas, Pierre"]
[Result "1/2-1/2"]
[BlackElo "2363"]
[WhiteElo "2170"]
[LiveChessVersion "1.4.8"]

1. d4 {[%clk 0:15:09]} Nf6 {[%clk 0:15:07]} 2. Bf4 {[%clk 0:15:13]} d5
{[%clk 0:15:04]} 3. e3 {[%clk 0:15:16]} e6 {[%clk 0:15:08]} 4. Nf3
{[%clk 0:15:18]} c5 {[%clk 0:15:11]} 5. c3 {[%clk 0:15:19]} Nc6 {[%clk 0:15:15]}
6. Nbd2 {[%clk 0:15:21]} Bd6 {[%clk 0:15:18]} 7. Bg3 {[%clk 0:15:21]} O-O
{[%clk 0:15:20]} 8. Bd3 {[%clk 0:15:13]} b6 {[%clk 0:15:17]} 9. Ne5
{[%clk 0:15:12]} Bb7 {[%clk 0:15:19]} 10. O-O {[%clk 0:14:58]} Ne7
{[%clk 0:14:57]} 11. Qb1 {[%clk 0:14:42]} g6 {[%clk 0:13:38]} 12. Bh4
{[%clk 0:14:28]} Nh5 {[%clk 0:12:49]} 13. b4 {[%clk 0:07:40]} cxb4
{[%clk 0:10:49]} 14. cxb4 {[%clk 0:07:42]} f6 {[%clk 0:10:42]} 15. Nef3
{[%clk 0:07:04]} Nf5 {[%clk 0:09:48]} 16. Bg3 {[%clk 0:06:41]} Nhxg3
{[%clk 0:09:32]} 17. hxg3 {[%clk 0:06:42]} Qe7 {[%clk 0:08:50]} 18. a3
{[%clk 0:02:07]} Rac8 {[%clk 0:07:12]} 19. Qb2 {[%clk 0:01:23]} Rc7
{[%clk 0:06:37]} 20. e4 {[%clk 0:00:48]} dxe4 {[%clk 0:06:32]} 21. Bxe4
{[%clk 0:00:39]} Bxe4 {[%clk 0:05:47]} 22. Nxe4 {[%clk 0:00:43]} Qd8
{[%clk 0:02:50]} 23. g4 {[%clk 0:00:23]} Ne7 {[%clk 0:02:37]} 24. g5
{[%clk 0:00:21]} Nd5 {[%clk 0:01:48]} 25. gxf6 {[%clk 0:00:12]} Nxf6
{[%clk 0:01:52]} 26. Nxd6 {[%clk 0:00:15]} Qxd6 {[%clk 0:01:55]} 27. Rac1
{[%clk 0:00:18]} Rxc1 {[%clk 0:01:25]} 28. Rxc1 {[%clk 0:00:20]} Nd5
{[%clk 0:01:29]} 29. Ne5 {[%clk 0:00:16]} Nf4 {[%clk 0:01:33]} 30. Qd2
{[%clk 0:00:16]} Qxd4 {[%clk 0:00:34]} 31. Qxd4 {[%clk 0:00:17]} Ne2+
{[%clk 0:00:39]} 32. Kf1 {[%clk 0:00:21]} Nxd4 {[%clk 0:00:43]} 33. Rc7
{[%clk 0:00:25]} a5 {[%clk 0:00:25]} 34. bxa5 {[%clk 0:00:25]} bxa5
{[%clk 0:00:26]} 35. Ra7 {[%clk 0:00:26]} Rb8 {[%clk 0:00:25]} 36. g3
{[%clk 0:00:27]} Rb5 {[%clk 0:00:25]} 37. Nc4 {[%clk 0:00:13]} Nc6
{[%clk 0:00:23]} 38. Ra6 {[%clk 0:00:16]} Rc5 {[%clk 0:00:22]} 39. Nd6
{[%clk 0:00:13]} Kf8 {[%clk 0:00:16]} 40. Nb7 {[%clk 0:00:13]} Rb5
{[%clk 0:00:12]} 41. Rxc6 {[%clk 0:00:14]} Rxb7 {[%clk 0:00:16]} 42. Rxe6
{[%clk 0:00:18]} Rb3 {[%clk 0:00:18]} 43. Re3 {[%clk 0:00:22]} Rb1+
{[%clk 0:00:20]} 44. Kg2 {[%clk 0:00:25]} Ra1 {[%clk 0:00:22]} 1/2-1/2

[Event "Championnat de France Universitaire 2017"]
[Site "Strasbourg"]
[Date "2017.01.21"]
[Round "4.3"]
[White "Israilov, Sardor"]
[Black "Thomas, Anysia"]
[Result "1-0"]
[BlackElo "2088"]
[WhiteElo "1948"]
[LiveChessVersion "1.4.8"]

1. d4 {[%clk 0:14:59]} g6 {[%clk 0:15:09]} 2. Nf3 {[%clk 0:14:59]} Bg7
{[%clk 0:15:13]} 3. Bg5 {[%clk 0:14:59]} c5 {[%clk 0:15:15]} 4. c3
{[%clk 0:14:59]} Qb6 {[%clk 0:15:14]} 5. Qb3 {[%clk 0:13:45]} d6 {[%clk 0:13:54]}
6. e4 {[%clk 0:12:20]} Be6 {[%clk 0:12:07]} 7. d5 {[%clk 0:10:49]} Qxb3
{[%clk 0:10:28]} 8. axb3 {[%clk 0:10:53]} Bg4 {[%clk 0:10:29]} 9. Na3
{[%clk 0:10:45]} Nf6 {[%clk 0:09:56]} 10. Nb5 {[%clk 0:09:44]} Na6
{[%clk 0:08:42]} 11. Rxa6 {[%clk 0:09:35]} bxa6 12. Nc7+ Kd7 {[%clk 0:08:46]} 13.
Nxa8 {[%clk 0:09:40]} Rxa8 {[%clk 0:08:49]} 14. Nd2 {[%clk 0:09:41]} Ke8
{[%clk 0:08:29]} 15. Bxa6 {[%clk 0:09:38]} Rb8 {[%clk 0:08:10]} 16. O-O
{[%clk 0:09:37]} h6 {[%clk 0:07:25]} 17. Be3 {[%clk 0:09:34]} Bd7
{[%clk 0:07:03]} 18. Ra1 {[%clk 0:09:35]} Ng4 {[%clk 0:06:28]} 19. Bc4
{[%clk 0:07:59]} Nxe3 {[%clk 0:06:16]} 20. fxe3 {[%clk 0:08:03]} Rb7
{[%clk 0:06:11]} 21. Ra5 {[%clk 0:07:56]} Kd8 {[%clk 0:05:53]} 22. Nb1
{[%clk 0:07:32]} Kc7 {[%clk 0:04:55]} 23. Na3 {[%clk 0:07:35]} h5
{[%clk 0:04:32]} 24. h3 {[%clk 0:06:24]} Be5 {[%clk 0:03:27]} 25. Kf2
{[%clk 0:06:15]} g5 {[%clk 0:02:59]} 26. Bb5 {[%clk 0:05:19]} Bxb5
{[%clk 0:02:30]} 27. Rxb5 {[%clk 0:05:22]} Rxb5 {[%clk 0:02:09]} 28. Nxb5+
{[%clk 0:05:26]} Kb6 {[%clk 0:02:14]} 29. Na3 {[%clk 0:05:27]} Bf6
{[%clk 0:01:47]} 30. Ke2 {[%clk 0:03:24]} a6 {[%clk 0:01:30]} 31. Kd3
{[%clk 0:03:18]} Ka5 {[%clk 0:01:23]} 32. g4 {[%clk 0:02:57]} hxg4
{[%clk 0:01:19]} 33. hxg4 {[%clk 0:03:01]} Kb6 {[%clk 0:00:36]} 34. Nc4+
{[%clk 0:01:07]} Kb5 {[%clk 0:00:37]} 35. e5 {[%clk 0:01:09]} Bxe5
{[%clk 0:00:12]} 36. Nxe5 {[%clk 0:01:12]} dxe5 {[%clk 0:00:16]} 37. Ke4
{[%clk 0:01:16]} f6 {[%clk 0:00:19]} 38. Kf5 {[%clk 0:01:21]} c4 {[%clk 0:00:21]}
39. b4 {[%clk 0:01:23]} a5 {[%clk 0:00:16]} 40. Ke6 {[%clk 0:01:26]} axb4
{[%clk 0:00:21]} 41. cxb4 {[%clk 0:01:30]} Kxb4 {[%clk 0:00:25]} 42. Kxe7
{[%clk 0:01:34]} Kb3 {[%clk 0:00:23]} 43. d6 {[%clk 0:01:38]} Kxb2
{[%clk 0:00:26]} 44. d7 {[%clk 0:01:41]} c3 {[%clk 0:00:30]} 45. d8=Q
{[%clk 0:01:44]} c2 {[%clk 0:00:33]} 46. Qb6+ {[%clk 0:01:48]} Kc3
{[%clk 0:00:35]} 47. Qc5+ {[%clk 0:01:51]} Kd2 {[%clk 0:00:29]} 48. Kxf6
{[%clk 0:01:50]} c1=Q {[%clk 0:00:18]} 49. Qxc1+ {[%clk 0:01:52]} Kxc1
{[%clk 0:00:22]} 50. Kxe5 {[%clk 0:01:56]} 1-0

[Event "Championnat de France Universitaire 2017"]
[Site "Strasbourg"]
[Date "2017.01.21"]
[Round "4.4"]
[White "Sauviat, Thomas"]
[Black "Pieri, Pierre-Louis"]
[Result "0-1"]
[BlackElo "2126"]
[WhiteElo "1974"]
[LiveChessVersion "1.4.8"]

1. c4 {[%clk 0:15:09]} g6 {[%clk 0:15:02]} 2. Nc3 {[%clk 0:15:13]} Nf6
{[%clk 0:15:04]} 3. g3 {[%clk 0:15:17]} Bg7 {[%clk 0:14:56]} 4. Bg2
{[%clk 0:15:21]} c6 {[%clk 0:15:01]} 5. Nf3 {[%clk 0:15:23]} d5 {[%clk 0:15:01]}
6. cxd5 {[%clk 0:15:05]} cxd5 {[%clk 0:15:04]} 7. O-O {[%clk 0:14:57]} O-O
{[%clk 0:15:05]} 8. d3 {[%clk 0:14:49]} Nc6 {[%clk 0:14:25]} 9. Bd2
{[%clk 0:14:07]} d4 {[%clk 0:14:15]} 10. Na4 {[%clk 0:13:29]} Be6
{[%clk 0:14:19]} 11. Nc5 {[%clk 0:13:28]} Bd5 {[%clk 0:14:23]} 12. Qa4
{[%clk 0:13:00]} Qb6 {[%clk 0:14:13]} 13. Nb3 {[%clk 0:12:56]} Rac8
{[%clk 0:13:05]} 14. Rfc1 {[%clk 0:12:40]} e5 {[%clk 0:13:02]} 15. Bh3
{[%clk 0:11:31]} Rcd8 {[%clk 0:12:55]} 16. Bg2 {[%clk 0:10:58]} Rfe8
{[%clk 0:09:52]} 17. Na5 {[%clk 0:08:55]} e4 {[%clk 0:06:32]} 18. dxe4
{[%clk 0:08:23]} Nxe4 {[%clk 0:06:07]} 19. Nxc6 {[%clk 0:07:34]} Bxc6
{[%clk 0:06:08]} 20. Qa5 {[%clk 0:06:36]} d3 {[%clk 0:04:51]} 21. Qxb6
{[%clk 0:06:07]} axb6 {[%clk 0:04:53]} 22. exd3 {[%clk 0:05:35]} Nxd2
{[%clk 0:04:53]} 23. Nxd2 {[%clk 0:05:35]} Bxg2 {[%clk 0:04:56]} 24. Kxg2
{[%clk 0:05:38]} Bxb2 {[%clk 0:05:01]} 25. Ne4 {[%clk 0:05:32]} Re7
{[%clk 0:03:13]} 26. Rab1 {[%clk 0:05:04]} Bxc1 {[%clk 0:03:15]} 27. Rxc1
{[%clk 0:05:08]} Rxd3 {[%clk 0:03:17]} 28. Nf6+ {[%clk 0:04:59]} Kg7
{[%clk 0:03:18]} 29. Ng4 {[%clk 0:05:03]} Rd2 {[%clk 0:03:14]} 30. Rb1
{[%clk 0:04:54]} h5 {[%clk 0:03:16]} 0-1

[Event "Championnat de France Universitaire 2017"]
[Site "Strasbourg"]
[Date "2017.01.21"]
[Round "5.1"]
[White "Israilov, Sardor"]
[Black "Sochacki, Wojtek"]
[Result "1/2-1/2"]
[BlackElo "2347"]
[WhiteElo "1948"]
[LiveChessVersion "1.4.8"]

1. d4 {[%clk 0:15:09]} d5 {[%clk 0:15:09]} 2. Nf3 {[%clk 0:15:13]} Nf6
{[%clk 0:15:12]} 3. Bf4 {[%clk 0:15:16]} e6 {[%clk 0:14:50]} 4. e3
{[%clk 0:15:05]} c5 {[%clk 0:14:48]} 5. c3 {[%clk 0:15:08]} Nc6 {[%clk 0:14:48]}
6. Nbd2 {[%clk 0:15:09]} Bd6 {[%clk 0:14:52]} 7. Bg3 {[%clk 0:15:13]} Qe7
{[%clk 0:14:48]} 8. Ne5 {[%clk 0:13:43]} O-O {[%clk 0:12:50]} 9. Bd3
{[%clk 0:13:41]} Nd7 {[%clk 0:12:48]} 10. f4 {[%clk 0:13:36]} f5 {[%clk 0:12:32]}
11. O-O {[%clk 0:13:31]} Nf6 {[%clk 0:12:19]} 12. Bh4 {[%clk 0:13:20]} Qe8
{[%clk 0:11:24]} 13. Kh1 {[%clk 0:11:40]} Bxe5 {[%clk 0:09:21]} 14. fxe5
{[%clk 0:11:13]} Ng4 {[%clk 0:09:24]} 15. Rf3 {[%clk 0:07:12]} Qh5
{[%clk 0:07:14]} 16. Rh3 {[%clk 0:07:15]} Qxh4 {[%clk 0:06:22]} 17. Rxh4
{[%clk 0:07:19]} Nf2+ {[%clk 0:06:26]} 18. Kg1 {[%clk 0:07:21]} Nxd1
{[%clk 0:06:30]} 19. Rxd1 {[%clk 0:07:25]} Bd7 {[%clk 0:06:09]} 20. g4
{[%clk 0:07:12]} Ne7 {[%clk 0:05:48]} 21. Rf1 {[%clk 0:06:46]} h6
{[%clk 0:05:00]} 22. gxf5 {[%clk 0:06:07]} Nxf5 {[%clk 0:04:42]} 23. Bxf5
{[%clk 0:05:51]} Rxf5 {[%clk 0:04:28]} 24. Rxf5 {[%clk 0:05:32]} exf5
{[%clk 0:04:32]} 25. dxc5 {[%clk 0:05:36]} Rc8 {[%clk 0:03:49]} 26. b4 Re8 27.
Nf3 {[%clk 0:05:43]} Bb5 {[%clk 0:03:54]} 28. Kf2 {[%clk 0:05:44]} Bd3
{[%clk 0:03:56]} 29. Rd4 {[%clk 0:04:37]} Be4 {[%clk 0:03:54]} 30. h4
{[%clk 0:04:31]} Kf7 {[%clk 0:03:53]} 31. Nd2 {[%clk 0:04:03]} Ke6
{[%clk 0:03:58]} 32. Nxe4 {[%clk 0:03:43]} fxe4 {[%clk 0:03:13]} 33. c4
{[%clk 0:03:47]} dxc4 {[%clk 0:03:17]} 34. Rxc4 {[%clk 0:03:51]} Kxe5
{[%clk 0:03:19]} 35. Rd4 {[%clk 0:03:41]} Re7 {[%clk 0:03:09]} 36. Rd6
{[%clk 0:03:35]} Rf7+ {[%clk 0:03:12]} 37. Ke2 {[%clk 0:03:27]} Rc7
{[%clk 0:02:54]} 38. Rg6 {[%clk 0:02:31]} Kf5 {[%clk 0:02:53]} 39. h5
{[%clk 0:02:34]} Ke5 {[%clk 0:02:27]} 40. Kd2 {[%clk 0:02:35]} Kd5
{[%clk 0:02:31]} 41. a3 {[%clk 0:02:15]} a5 {[%clk 0:02:22]} 42. Kc3
{[%clk 0:02:14]} axb4+ {[%clk 0:02:17]} 43. axb4 {[%clk 0:02:17]} Rf7
{[%clk 0:02:21]} 44. Rd6+ Ke5 45. Kc4 {[%clk 0:02:08]} Rf3 {[%clk 0:02:24]} 46.
Rd7 {[%clk 0:02:07]} Rxe3 {[%clk 0:02:22]} 47. Rxg7 {[%clk 0:02:09]} b6
{[%clk 0:01:16]} 48. c6 {[%clk 0:01:55]} Re1 {[%clk 0:00:56]} 49. Kb5
{[%clk 0:01:53]} e3 {[%clk 0:00:28]} 50. c7 {[%clk 0:01:53]} Rc1 {[%clk 0:00:31]}
51. Kxb6 {[%clk 0:01:56]} Kd6 {[%clk 0:00:29]} 52. Rg6+ {[%clk 0:00:16]} Kd7
{[%clk 0:00:32]} 53. Rg7+ {[%clk 0:00:21]} Kd6 {[%clk 0:00:36]} 1/2-1/2

[Event "Championnat de France Universitaire 2017"]
[Site "Strasbourg"]
[Date "2017.01.21"]
[Round "5.2"]
[White "Villegas, Pierre"]
[Black "Utrera, Ludovic"]
[Result "1-0"]
[BlackElo "2092"]
[WhiteElo "2363"]
[LiveChessVersion "1.4.8"]

1. d4 {[%clk 0:15:07]} Nf6 {[%clk 0:15:09]} 2. c4 {[%clk 0:15:11]} g6
{[%clk 0:15:13]} 3. Nc3 {[%clk 0:15:15]} Bg7 {[%clk 0:15:17]} 4. e4
{[%clk 0:15:19]} d6 {[%clk 0:15:21]} 5. f3 {[%clk 0:15:15]} O-O {[%clk 0:15:23]}
6. Nge2 {[%clk 0:15:19]} Nc6 {[%clk 0:15:21]} 7. Be3 {[%clk 0:15:22]} a6
{[%clk 0:15:24]} 8. Qd2 {[%clk 0:15:26]} Rb8 {[%clk 0:15:20]} 9. Rc1
{[%clk 0:15:30]} Bd7 {[%clk 0:14:13]} 10. Nd1 {[%clk 0:15:31]} b5
{[%clk 0:13:47]} 11. c5 {[%clk 0:15:33]} Ne8 {[%clk 0:12:33]} 12. Nf2
{[%clk 0:14:14]} f5 {[%clk 0:12:00]} 13. exf5 {[%clk 0:13:50]} Rxf5
{[%clk 0:11:08]} 14. d5 {[%clk 0:11:55]} Ne5 {[%clk 0:11:04]} 15. Nd4
{[%clk 0:11:58]} Rf8 {[%clk 0:10:49]} 16. f4 {[%clk 0:11:29]} Ng4
{[%clk 0:10:39]} 17. Nxg4 {[%clk 0:11:22]} Bxg4 {[%clk 0:10:42]} 18. Nc6
{[%clk 0:11:25]} Qd7 {[%clk 0:10:22]} 19. Nxb8 {[%clk 0:11:26]} Qf5
{[%clk 0:10:26]} 20. Nc6 {[%clk 0:10:56]} Rf7 {[%clk 0:10:05]} 21. Nd8
{[%clk 0:09:54]} Rf6 {[%clk 0:08:59]} 22. Ne6 {[%clk 0:09:52]} Qe4
{[%clk 0:07:40]} 23. Nxg7 {[%clk 0:09:30]} Nxg7 {[%clk 0:07:05]} 24. Bd3
{[%clk 0:09:31]} Qa4 {[%clk 0:06:55]} 25. b3 {[%clk 0:09:23]} Qa3
{[%clk 0:06:58]} 26. O-O {[%clk 0:09:25]} 1-0